The 2001 outbreak of foot and mouth disease (Record no. 70569)
[ view plain ]
| 000 -LEADER | |
|---|---|
| fixed length control field | 01091cam a2200229 4500 |
| 001 - CONTROL NUMBER | |
| control field | WB3823-24 |
| 008 - FIXED-LENGTH DATA ELEMENTS--GENERAL INFORMATION | |
| fixed length control field | 020625n2002 000 0 eng u |
| 035 ## - SYSTEM CONTROL NUMBER | |
| System control number | (Sirsi) u118523 |
| 245 #4 - TITLE STATEMENT | |
| Title | The 2001 outbreak of foot and mouth disease |
| 260 ## - PUBLICATION, DISTRIBUTION, ETC. | |
| Date of publication, distribution, etc. | 2002 |
| 490 ## - SERIES STATEMENT | |
| Series statement | National Audit Office Press Notice |
| Volume/sequential designation | 21 June 2002, (5) |
| 520 ## - SUMMARY, ETC. | |
| Summary, etc. | A National Audit Office report on the handling of the 2001 foot and mouth outbreak shows that the outbreak cost the public sector over £3 billion and the private sector more than £5 billion. According to head of the NAO, Sir John Bourn, lessons to be learned from the outbreak include the need for more thorough contingency planning, more sensitive response to outbreaks of different scales, which would allow better preparedness for a future outbreak. http://www.nao.gov.uk/pn/01-02/0102939.htm |
| 590 ## - LOCAL NOTE (RLIN) | |
| Local note | WB |
| 650 ## - SUBJECT ADDED ENTRY--TOPICAL TERM | |
| Topical term or geographic name entry element | FOOT-AND-MOUTH DISEASE |
| 650 ## - SUBJECT ADDED ENTRY--TOPICAL TERM | |
| Topical term or geographic name entry element | AGRICULTURAL CRISIS |
| 650 ## - SUBJECT ADDED ENTRY--TOPICAL TERM | |
| Topical term or geographic name entry element | ANIMAL WELFARE |
| 650 ## - SUBJECT ADDED ENTRY--TOPICAL TERM | |
| Topical term or geographic name entry element | AGRICULTURAL PRACTICES |
| 650 ## - SUBJECT ADDED ENTRY--TOPICAL TERM | |
| Topical term or geographic name entry element | COSTS |
| 650 ## - SUBJECT ADDED ENTRY--TOPICAL TERM | |
| Topical term or geographic name entry element | CULLING POLICY |
| 690 ## - LOCAL SUBJECT ADDED ENTRY--TOPICAL TERM (OCLC, RLIN) | |
| Topical term or geographic name as entry element | Rural |
| 9 (RLIN) | 6268 |
| 942 ## - ADDED ENTRY ELEMENTS (KOHA) | |
| Suppress in OPAC | 0 |
| Withdrawn status | Lost status | Source of classification or shelving scheme | Damaged status | Not for loan | Home library | Current library | Shelving location | Date acquired | Total Checkouts | Full call number | Barcode | Date last seen | Copy number | Price effective from | Koha item type |
|---|---|---|---|---|---|---|---|---|---|---|---|---|---|---|---|
| Dewey Decimal Classification | London | London | News article | 25/06/2002 | WB3823-24 | 118523-1001 | 06/08/2019 | 1 | 06/08/2019 | News article |